LIBRARY ONLINE CATALOGUE

Legal system and lawyers' reasonings / (Record no. 11164)

MARC details
000 -LEADER
fixed length control field 00632nam a22002172 4500
001 - CONTROL NUMBER
control field 0000018720
005 - DATE AND TIME OF LATEST TRANSACTION
control field 20151217154421.0
008 - FIXED-LENGTH DATA ELEMENTS--GENERAL INFORMATION
fixed length control field 100609s xx 000 0 eng d
020 ## - INTERNATIONAL STANDARD BOOK NUMBER
International Standard Book Number 8175341364 :
040 ## - CATALOGING SOURCE
Original cataloging agency KABU
Transcribing agency KABU
100 1# - MAIN ENTRY--PERSONAL NAME
Personal name Stone, Julius.
-- 0000178041
245 10 - TITLE STATEMENT
Title Legal system and lawyers' reasonings /
Statement of responsibility, etc. by Julius Stone.
250 ## - EDITION STATEMENT
Edition statement 1st ed.
260 ## - PUBLICATION, DISTRIBUTION, ETC. (IMPRINT)
Place of publication, distribution, etc. Delhi :
Name of publisher, distributor, etc. Universal Law,
Date of publication, distribution, etc. 1964.
300 ## - PHYSICAL DESCRIPTION
Extent xxiv, 454 p.
650 #0 - SUBJECT ADDED ENTRY--TOPICAL TERM
Topical term or geographic name as entry element Law
General subdivision Methodology.
-- 0000153283
650 #0 - SUBJECT ADDED ENTRY--TOPICAL TERM
Topical term or geographic name as entry element Jurisprudence.
-- 0000153282
852 1# - LOCATION
-- p960 KES
908 ## - PUT COMMAND PARAMETER (RLIN)
Put command parameter 100609
950 ## - LOCAL HOLDINGS (RLIN)
-- 1
Holdings
Withdrawn status Lost status Source of classification or shelving scheme Not for loan Home library Current library Date acquired Total Checkouts Full call number Barcode Date last seen Date last checked out Price effective from Koha item type
    Library of Congress Classification   Kabarak, Main Campus Kabarak, Main Campus 17/12/2015 3 K212 .S76 1964 c. 1 24934 16/10/2025 04/09/2025 17/12/2015 General Collection